000 00412nam a22001577a 4500
005 20251108171952.0
008 250721s1992 xx 000 0 ara d
082 1 4 _a811.9565/أحم
100 1 _aشقيرات، أحمد
245 1 0 _aالكتابة على حد السكين /
264 1 _aعمان :
_c1992.
300 _a78ص
650 1 7 _aالشعر الأردني
942 _2ddc
_cBK
999 _c67192
_d67192